Cuando el sol asoma en la gran llanura (Registro nro. 42276)
[ vista simple ]
| 000 -CABECERA | |
|---|---|
| Longitud fija campo de control | 00616nam a2200205Ii 4500 |
| 003 - IDENTIFICADOR DEL NUMERO DE CONTROL | |
| Identificador del número de control | CO-ViMGA |
| 008 - CODIGOS DE INFORMACION DE LONGITUD FIJA | |
| Códigos de información de longitud fija | 241108s9999||||xx |||||||||||||| ||und|| |
| 040 ## - FUENTE DE LA CATALOGACION | |
| Centro catalogador de origen | CO-ViMGA |
| Lengua de catalogación | spa |
| Normas de descripción | rda |
| Centro transcriptor | CO-ViMGA |
| 041 0# - CODIGO DE LENGUA | |
| Código de lengua del texto/banda sonora o título independiente | spa |
| 082 04 - NUMERO DE LA CLASIFICACION DECIMAL DEWEY | |
| Número de clasificación (R) | C863.42 B954 |
| 100 1# - PUNTO DE ACCESO PRINCIPAL-NOMBRE DE PERSONA | |
| Nombre de persona | Hector Burgos Moyano |
| 245 10 - TITULO PROPIAMENTE DICHO | |
| Título | Cuando el sol asoma en la gran llanura |
| 264 #1 - PRODUCCION, PUBLICACION , DISTRIBUCION, FABRICACION Y COPYRIGHT | |
| Lugar de producción, publicación, distribución, fabricación | Bogotá, Colombia : Imprenta Departamental del Meta, 1990 |
| 300 ## - DESCRIPCION FISICA | |
| Extensión | volumen |
| 336 ## - TIPO DE CONTENIDO | |
| Término de tipo de contenido | text |
| Código de tipo de contenido | txt |
| Fuente | rdacontent |
| 337 ## - TIPO DE MEDIO | |
| Nombre del tipo de medio | unmediated |
| Código del tipo de medio | n |
| Fuente | rdamedia |
| 338 ## - TIPO DE SOPORTE | |
| Nombre del tipo de soporte | volume |
| Código del tipo de soporte | nc |
| Fuente | rdacarrier |
| 940 ## - | |
| T&íacute;tulo uniforme | <a href="idficha_siabuc: 8313. -- ficha_no_siabuc:8508">idficha_siabuc: 8313. -- ficha_no_siabuc:8508</a> |
| Perdido | Estado Físico | No para préstamo | Forma de adquisición | Localización permanente | Localización actual | Localización en estanterías | Fecha adquisición | Signatura completa | Código de barras | Fecha última consulta | Número de copia | Fecha del precio de reemplazo | Tipo de item de Koha | Note pública |
|---|---|---|---|---|---|---|---|---|---|---|---|---|---|---|
| Colección Fondo Patrimonial | Biblioteca Pública Departamental Eduardo Carranza - Villavicencio | Biblioteca Pública Departamental Eduardo Carranza - Villavicencio | Local Patrimonial | 11/27/2006 | C863.42 B954 | ECA8755 | 11/26/2024 | Ej.1 | 11/26/2024 | LIbro | 8313 | 11627 | |||
| Colección Fondo Patrimonial | Biblioteca Pública Departamental Eduardo Carranza - Villavicencio | Biblioteca Pública Departamental Eduardo Carranza - Villavicencio | Local Patrimonial | 07/23/2011 | C863.42 B954 | ECA20266 | 11/26/2024 | Ej.2 | 11/26/2024 | LIbro | 8313 | 11626 |